00315nam a2200109Ia 4500100001100000654003900011245005600050260006100106082001900167300000700186546001200193 aAICTE  aDesign manufacture of foriegn dyes aDesign & Manufacture of Foriegn Dyes C-NO: 227 bContinuing Education Programmer AICTEaBangalorec1992 a671.332bAICTE a73 aENGLISH